<?xml version="1.0" encoding="UTF-8"?>
<record
    xmlns:xsi="http://www.w3.org/2001/XMLSchema-instance"
    xsi:schemaLocation="http://www.loc.gov/MARC21/slim http://www.loc.gov/standards/marcxml/schema/MARC21slim.xsd"
    xmlns="http://www.loc.gov/MARC21/slim">

  <leader>02193nam a22002897a 4500</leader>
  <controlfield tag="005">20110627154430.0</controlfield>
  <datafield tag="010" ind1=" " ind2=" ">
    <subfield code="a">B-435643-647</subfield>
  </datafield>
  <datafield tag="020" ind1=" " ind2=" ">
    <subfield code="a">8182637686</subfield>
    <subfield code="c">15.00</subfield>
  </datafield>
  <datafield tag="035" ind1=" " ind2=" ">
    <subfield code="a">B-435643-647</subfield>
  </datafield>
  <datafield tag="037" ind1=" " ind2=" ">
    <subfield code="b">&#x92C;&#x94D;&#x932;&#x94D;&#x92F;&#x942;&#x92C;&#x947;&#x930;&#x940; &#x92C;&#x941;&#x915;&#x94D;&#x938;</subfield>
  </datafield>
  <datafield tag="082" ind1=" " ind2=" ">
    <subfield code="a">&#x915;</subfield>
  </datafield>
  <datafield tag="100" ind1=" " ind2=" ">
    <subfield code="a">&#x92A;&#x930;&#x93F;&#x938;&#x94D;&#x92E;&#x93F;&#x924;&#x93E;</subfield>
    <subfield code="9">30956</subfield>
  </datafield>
  <datafield tag="245" ind1=" " ind2=" ">
    <subfield code="a">&#x92E;&#x94B;&#x91F;&#x93E; &#x930;&#x93E;&#x91C;&#x93E; &#x926;&#x941;&#x92C;&#x932;&#x93E; &#x915;&#x941;&#x924;&#x94D;&#x924;&#x93E; /</subfield>
    <subfield code="c">&#x92A;&#x930;&#x93F;&#x938;&#x94D;&#x92E;&#x93F;&#x924;&#x93E;; &#x92E;&#x928;&#x940;&#x937;&#x93E; &#x91A;&#x94C;&#x927;&#x930;&#x940; &#x926;&#x94D;&#x935;&#x93E;&#x930;&#x93E; &#x939;&#x93F;&#x928;&#x94D;&#x926;&#x940; &#x905;&#x928;&#x941;&#x935;&#x93E;&#x926;</subfield>
  </datafield>
  <datafield tag="246" ind1=" " ind2=" ">
    <subfield code="a">Mota raja dubla kutta</subfield>
    <subfield code="b">by Parismita</subfield>
  </datafield>
  <datafield tag="260" ind1=" " ind2=" ">
    <subfield code="a">&#x928;&#x908; &#x926;&#x93F;&#x932;&#x94D;&#x932;&#x940;</subfield>
    <subfield code="b">&#x92A;&#x94D;&#x930;&#x925;&#x92E; &#x92C;&#x941;&#x915;&#x94D;&#x938;</subfield>
    <subfield code="c">2010</subfield>
  </datafield>
  <datafield tag="270" ind1=" " ind2=" ">
    <subfield code="a">633-634, 4th "C" Main, 6th 'B' Cross, OMBR Layout, Banaswadi,</subfield>
    <subfield code="b">Bangalore</subfield>
    <subfield code="e">560043</subfield>
    <subfield code="k">+91 11 41042483</subfield>
  </datafield>
  <datafield tag="300" ind1=" " ind2=" ">
    <subfield code="a">8&#x92A;&#x943;.</subfield>
    <subfield code="b">&#x938;&#x91A;&#x93F;&#x924;&#x94D;&#x930;</subfield>
    <subfield code="c">18x22 &#x938;&#x947;&#x92E;&#x940; (&#x905;&#x91C;&#x93F;&#x932;&#x94D;&#x926;)</subfield>
  </datafield>
  <datafield tag="700" ind1=" " ind2=" ">
    <subfield code="9">28835</subfield>
    <subfield code="a">&#x91A;&#x94C;&#x927;&#x930;&#x940;, &#x92E;&#x928;&#x940;&#x937;&#x93E; </subfield>
  </datafield>
  <datafield tag="700" ind1=" " ind2=" ">
    <subfield code="9">28836</subfield>
  </datafield>
  <datafield tag="942" ind1=" " ind2=" ">
    <subfield code="2">ddc</subfield>
    <subfield code="c">CH</subfield>
    <subfield code="h">&#x915;</subfield>
    <subfield code="m">&#x92A;&#x930;&#x93F;&#x938;&#x94D;&#x92E;&#x93F;</subfield>
  </datafield>
  <datafield tag="999" ind1=" " ind2=" ">
    <subfield code="c">53269</subfield>
    <subfield code="d">53269</subfield>
  </datafield>
  <datafield tag="952" ind1=" " ind2=" ">
    <subfield code="0">0</subfield>
    <subfield code="1">0</subfield>
    <subfield code="4">0</subfield>
    <subfield code="7">0</subfield>
    <subfield code="8">FIC</subfield>
    <subfield code="a">L</subfield>
    <subfield code="b">L</subfield>
    <subfield code="d">2011-08-03</subfield>
    <subfield code="e">&#x92C;&#x94D;&#x932;&#x92F;&#x942;&#x92C;&#x947;&#x930;&#x940; /6364/25.3.2011/83/21.3.11/31.3.11</subfield>
    <subfield code="g">15.00</subfield>
    <subfield code="l">1</subfield>
    <subfield code="o">&#x915; &#x92A;&#x930;&#x93F;&#x938;&#x94D;&#x92E;&#x93F;</subfield>
    <subfield code="p">B-435643</subfield>
    <subfield code="r">2017-08-18 00:00:00</subfield>
    <subfield code="s">2017-08-05</subfield>
    <subfield code="t">1</subfield>
    <subfield code="v">15.00</subfield>
    <subfield code="w">2011-08-03</subfield>
    <subfield code="y">CH</subfield>
  </datafield>
  <datafield tag="952" ind1=" " ind2=" ">
    <subfield code="0">0</subfield>
    <subfield code="1">0</subfield>
    <subfield code="4">0</subfield>
    <subfield code="7">0</subfield>
    <subfield code="8">FIC</subfield>
    <subfield code="a">BL1</subfield>
    <subfield code="b">BL1</subfield>
    <subfield code="d">2011-08-03</subfield>
    <subfield code="e">&#x92C;&#x94D;&#x932;&#x92F;&#x942;&#x92C;&#x947;&#x930;&#x940; /6364/25.3.2011/83/21.3.11/31.3.11</subfield>
    <subfield code="g">15.00</subfield>
    <subfield code="l">0</subfield>
    <subfield code="o">&#x915; &#x92A;&#x930;&#x93F;&#x938;&#x94D;&#x92E;&#x93F;</subfield>
    <subfield code="p">B-435644</subfield>
    <subfield code="r">2011-08-03 00:00:00</subfield>
    <subfield code="t">1</subfield>
    <subfield code="v">15.00</subfield>
    <subfield code="w">2011-08-03</subfield>
    <subfield code="y">CH</subfield>
  </datafield>
  <datafield tag="952" ind1=" " ind2=" ">
    <subfield code="0">0</subfield>
    <subfield code="1">0</subfield>
    <subfield code="4">0</subfield>
    <subfield code="7">0</subfield>
    <subfield code="8">FIC</subfield>
    <subfield code="a">ZLS</subfield>
    <subfield code="b">ZLS</subfield>
    <subfield code="d">2011-08-03</subfield>
    <subfield code="e">&#x92C;&#x94D;&#x932;&#x92F;&#x942;&#x92C;&#x947;&#x930;&#x940; /6364/25.3.2011/83/21.3.11/31.3.11</subfield>
    <subfield code="g">15.00</subfield>
    <subfield code="l">0</subfield>
    <subfield code="o">&#x915; &#x92A;&#x930;&#x93F;&#x938;&#x94D;&#x92E;&#x93F;</subfield>
    <subfield code="p">B-435645</subfield>
    <subfield code="r">2011-08-03 00:00:00</subfield>
    <subfield code="t">1</subfield>
    <subfield code="v">15.00</subfield>
    <subfield code="w">2011-08-03</subfield>
    <subfield code="y">CH</subfield>
  </datafield>
  <datafield tag="952" ind1=" " ind2=" ">
    <subfield code="0">0</subfield>
    <subfield code="1">0</subfield>
    <subfield code="4">0</subfield>
    <subfield code="7">0</subfield>
    <subfield code="8">FIC</subfield>
    <subfield code="a">BN</subfield>
    <subfield code="b">BN</subfield>
    <subfield code="d">2011-08-03</subfield>
    <subfield code="e">&#x92C;&#x94D;&#x932;&#x92F;&#x942;&#x92C;&#x947;&#x930;&#x940; /6364/25.3.2011/83/21.3.11/31.3.11</subfield>
    <subfield code="g">15.00</subfield>
    <subfield code="l">3</subfield>
    <subfield code="o">&#x915; &#x92A;&#x930;&#x93F;&#x938;&#x94D;&#x92E;&#x93F;</subfield>
    <subfield code="p">B-435646</subfield>
    <subfield code="r">2025-05-31 00:00:00</subfield>
    <subfield code="s">2025-05-19</subfield>
    <subfield code="t">1</subfield>
    <subfield code="v">15.00</subfield>
    <subfield code="y">CH</subfield>
  </datafield>
  <datafield tag="952" ind1=" " ind2=" ">
    <subfield code="0">0</subfield>
    <subfield code="1">0</subfield>
    <subfield code="4">0</subfield>
    <subfield code="7">0</subfield>
    <subfield code="8">FIC</subfield>
    <subfield code="a">BL4</subfield>
    <subfield code="b">BL4</subfield>
    <subfield code="d">2011-08-03</subfield>
    <subfield code="e">&#x92C;&#x94D;&#x932;&#x92F;&#x942;&#x92C;&#x947;&#x930;&#x940; /6364/25.3.2011/83/21.3.11/31.3.11</subfield>
    <subfield code="g">15.00</subfield>
    <subfield code="l">0</subfield>
    <subfield code="o">&#x915; &#x92A;&#x930;&#x93F;&#x938;&#x94D;&#x92E;&#x93F;</subfield>
    <subfield code="p">B-435647</subfield>
    <subfield code="r">2011-08-03 00:00:00</subfield>
    <subfield code="t">1</subfield>
    <subfield code="v">15.00</subfield>
    <subfield code="w">2011-08-03</subfield>
    <subfield code="y">CH</subfield>
  </datafield>
</record>
